Supervisión en organización y desarrollo de la comunidad /

Detalles Bibliográficos
Autor principal: Martini de Espeche, Hélida
Formato: Libro
Lenguaje:inglés
Publicado: Buenos Aires Humanitas 1980
Edición:4a.ed.
Materias:

MARC

LEADER 00000cam a2200000 a 4500
001 012826
003 UAHC_CL
005 20170803120944.0
008 010822b xx j 000 1 eng
040 |a UAHC_CL  |c UAHC_CL  |d UAHC_CL 
082 0 4 |a 361.65 E77 
100 1 |a Martini de Espeche, Hélida 
245 1 0 |a Supervisión en organización y desarrollo de la comunidad /  |c Hélida Martini. 
250 |a 4a.ed. 
260 |b Humanitas  |c 1980  |a Buenos Aires 
300 |a 107 p. 
650 4 |a DESARROLLO DE LA COMUNIDAD 
650 4 |a TRABAJO SOCIAL 
900 |a 361.65 MARS 
942 |c BK 
952 |0 0  |1 0  |4 0  |6 361_650000000000000_MARS  |7 0  |8 General  |9 26087  |a BC  |b BC  |c General  |d 2017-08-03  |l 0  |o 361.65 MARS  |p 1300634  |r 2026-01-13 00:00:00  |t 1  |w 2017-08-03  |y BK 
999 |c 12826  |d 12826